00301nam a2200133Ia 4500008004100000041000800041082001000049100001700059245002500076260001500101650002100116906000900137999002100146240830s1901 xx 000 0 und d aeng a0 S.K aS.K. DEVDHAR aVARAHPURAN PART - 17 bN.D.c1901 aSANSKRIT SAMHITA aN.D. c1192951d1192951